书目信息 |
| 题名: |
爬格子·架梯子
|
|
| 作者: | 石景星 著 | |
| 分册: | ||
| 出版信息: | 北京 中国建材工业出版社 1996 |
|
| 页数: | 255页 | |
| 开本: | 20cm | |
| 丛书名: | ||
| 单 册: | ||
| 中图分类: | G232-53 | |
| 科图分类: | ||
| 主题词: | 出版工作 | |
| 电子资源: | ||
| ISBN: | 7-80090-508-X | |
| 000 | 00700nam0 2200229 45 | |
| 001 | 0198020066 | |
| 005 | 20040427154743.5 | |
| 010 | @a7-80090-508-X@dCNY15.80 | |
| 100 | @a19980408d1996 em y0chiy0121 ea | |
| 101 | 0 | @achi |
| 102 | @aCN@b110000 | |
| 105 | @ay z 000yy | |
| 106 | @ar | |
| 200 | 10 | @a爬格子·架梯子@Apa ge zi · jia ti zi@e书报刊及其编辑出版工作点滴谈@f石景星著 |
| 210 | @a北京@c中国建材工业出版社@d1996 | |
| 215 | @a255页@d20cm | |
| 517 | 1 | @a书报刊及其编辑出版工作点滴谈@Ashu bao kan ji qi bian ji chu ban gong zuo dian di tan |
| 606 | 0 | @a出版工作 |
| 690 | @aG232-53 | |
| 701 | 0 | @a石景星@Ashi jing xing@4著 |
| 801 | 0 | @aCN@bNLC@c19980424 |
| 905 | @f1@b274373@dG232-53@e24 | |
| 爬格子·架梯子:书报刊及其编辑出版工作点滴谈/石景星著.-北京:中国建材工业出版社,1996 |
| 255页;20cm |
| ISBN 7-80090-508-X:CNY15.80 |
| ● |
| 相关链接 |
|
|
|
|
正题名:爬格子·架梯子
索取号:G232-53/24
 
预约/预借
| 序号 | 登录号 | 条形码 | 馆藏地/架位号 | 状态 | 备注 |
| 1 | 0274373 | 000498508 | 密集书库/ [索取号:G232-53/24] | 在馆 | |
| 2 | 0274374 | 000498492 | 第一样本阅览室/ [索取号:G232-53/24] | 在馆 |